Word Ladder: Rules of Motion Quiz Stats

 Plays Quiz Updated Apr 19, 2016

Challenge
Share
Tweet
Embed
Score 0/15 Timer 01:30
5 Plays Today
Hint 4-Letter Word % Correct
Where a bird lays eggsNEST
99.2%
Pros and ____CONS
98.2%
Person in chargeBOSS
96.5%
Penny, nickel, or dime, e. g.COIN
96.3%
To throw gentlyTOSS
96.2%
'Good' superlativeBEST
95.3%
Gershwin opera: 'Porgy and ____'BESS
92.6%
• A large amount, colloquially •• TONS •
91.8%
Hint 4-Letter Word % Correct
Abel's brotherCAIN
91.7%
Grass in front of a houseLAWN
90.8%
Constitution State abbrev.CONN.
89.7%
Young deerFAWN
87.8%
• Rules and statutes •• LAWS •
86.8%
• Witch's brew ingredient: eye of ____• NEWT •
82.8%
Juliet's words: '____, ____ deny....'FAIN
79.4%

Today's Daily Dose

Missing Word
Hayao Miyazaki

Word Ladder
Florida

On This Day
December 13th II

You're not logged in!

Compare scores with friends on all Sporcle quizzes.
OR
Log In

You Might Also Like...

Show Comments

Extras

Top Quizzes Today


Score Distribution

Your Account Isn't Verified!

In order to create a playlist on Sporcle, you need to verify the email address you used during registration. Go to your Sporcle Settings to finish the process.

Report this User

Report this user for behavior that violates our Community Guidelines.

Details: